Religión y política en algunos auto sacramentales de Calderón

Saved in:
Bibliographic Details
Main Author: Poppenberg, Gerhard (Author)
Format: Chapter/Article
Language:Spanish
Published: 2000
In: Caldéron - protagonista eminente del Barroco Europeo ; 1
Year: 2000, Pages: 87-116
Online Access: Get full text
Author Notes:Gerhad Poppenberg

MARC

LEADER 00000caa a22000002c 4500
001 1447278321
003 DE-627
005 20220810211136.0
007 tu
008 130107s2000 xx ||||| 00| ||spa c
035 |a (DE-627)1447278321 
035 |a (DE-576)377278327 
035 |a (DE-599)BSZ377278327 
035 |a (OCoLC)1340457361 
040 |a DE-627  |b ger  |c DE-627  |e rakwb 
041 |a spa 
084 |a 55  |2 sdnb 
100 1 |a Poppenberg, Gerhard  |d 1954-  |0 (DE-588)112071759  |0 (DE-627)516471910  |0 (DE-576)164208593  |4 aut 
245 1 0 |a Religión y política en algunos auto sacramentales de Calderón  |c Gerhad Poppenberg 
264 1 |c 2000 
300 |a 30 
336 |a Text  |b txt  |2 rdacontent 
337 |a ohne Hilfsmittel zu benutzen  |b n  |2 rdamedia 
338 |a Band  |b nc  |2 rdacarrier 
773 0 8 |i In  |t Caldéron - protagonista eminente del Barroco Europeo ; 1  |d Kassel : Reichenberger, 2000  |g (2000), Seite 87-116  |h X, 640 S.  |w (DE-627)1157845355  |w (DE-576)087845350  |z 3931887995  |7 nnam  |a Religión y política en algunos auto sacramentales de Calderón 
773 1 8 |g year:2000  |g pages:87-116  |g extent:30  |a Religión y política en algunos auto sacramentales de Calderón 
951 |a AR 
992 |a 20130107 
993 |a BookComponentPart 
994 |a 2000 
998 |g 112071759  |a Poppenberg, Gerhard  |m 112071759:Poppenberg, Gerhard  |d 910000  |d 950000  |d 950950  |e 910000PP112071759  |e 950000PP112071759  |e 950950PP112071759  |k 0/910000/  |k 1/910000/950000/  |k 2/910000/950000/950950/  |p 1  |x j  |y j 
999 |a KXP-PPN1447278321  |e 2734149818 
BIB |a Y 
JSO |a {"person":[{"given":"Gerhard","display":"Poppenberg, Gerhard","role":"aut","family":"Poppenberg"}],"type":{"bibl":"chapter"},"origin":[{"dateIssuedKey":"2000","dateIssuedDisp":"2000"}],"title":[{"title":"Religión y política en algunos auto sacramentales de Calderón","title_sort":"Religión y política en algunos auto sacramentales de Calderón"}],"name":{"displayForm":["Gerhad Poppenberg"]},"physDesc":[{"extent":"30 S."}],"relHost":[{"title":[{}],"disp":"Religión y política en algunos auto sacramentales de CalderónCaldéron - protagonista eminente del Barroco Europeo ; 1","origin":[{"dateIssuedKey":"2000","publisher":"Reichenberger","dateIssuedDisp":"2000","publisherPlace":"Kassel"}],"type":{"bibl":"book"},"id":{"isbn":["3931887995"],"eki":["1157845355"]},"language":["spa"],"part":{"extent":"30","year":"2000","text":"(2000), Seite 87-116","pages":"87-116"},"recId":"1157845355","physDesc":[{"extent":"X, 640 S."}],"relMultPart":[{"title":[{"title_sort":"Caldéron - protagonista eminente del Barroco Europeo","title":"Caldéron - protagonista eminente del Barroco Europeo"}],"name":{"displayForm":["ed. por Kurt & Theo Reichenberger"]},"origin":[{"publisherPlace":"Kassel","dateIssuedDisp":"19XX-","publisher":"Reichenberger"}],"type":{"bibl":"edited-book"},"person":[{"given":"Kurt","display":"Reichenberger, Kurt","role":"edt","family":"Reichenberger"}],"id":{"eki":["1157845177"]},"ga":1,"recId":"1157845177","part":{"number_sort":["1"],"number":["1"]},"language":["spa"]},{"dispAlt":"Teatro del Siglo de Oro / Estudios de literatura","disp":"Teatro del siglo de oro","title":[{"title_sort":"Teatro del Siglo de Oro","title":"Teatro del Siglo de Oro","partname":"Estudios de literatura"}],"type":{"bibl":"serial"},"origin":[{"publisher":"Ed. Reichenberger ; Ed. Reichenberger ; Ed. Reichenberger ; Camelitana ; Ed. Carmelo ; Ed. du Carmel ; Ed. Monte Carmelo ; Ed. OCD ; Karmelski Izvori ; Wydawnictwo Karmelitów Bosych ; Ed. Reichenberger ; Vivarium","dateIssuedKey":"1984","publisherPlace":"Kassel ; Kassel ; Barcelona ; Kassel ; Gent ; Pa̧co de Arcos ; Toulouse ; Burgos ; Morena ; Roma ; Zagreb ; Kraków ; Kassel ; Napoli","dateIssuedDisp":"1984-"}],"titleAlt":[{"title":"Teatro del Siglo de Oro / Estudios de literatura"}],"pubHistory":["1.1984 -"],"id":{"zdb":["1195092-4"],"eki":["182298701"],"issn":["2750-7106"]},"ga":1,"part":{"number":["60"],"number_sort":["60"]},"recId":"182298701","language":["spa","eng"]}]}],"language":["spa"],"recId":"1447278321","id":{"eki":["1447278321"]}} 
SRT |a POPPENBERGRELIGIONYP2000